Analytical Techniques in Plant Science (Record no. 90149)
[ view plain ]
| 000 -LEADER | |
|---|---|
| fixed length control field | 00685nam a22002057a 4500 |
| 005 - DATE AND TIME OF LATEST TRANSACTION | |
| control field | 20260406162708.0 |
| 008 - FIXED-LENGTH DATA ELEMENTS--GENERAL INFORMATION | |
| fixed length control field | 260406b |||||||| |||| 00| 0 eng d |
| 020 ## - INTERNATIONAL STANDARD BOOK NUMBER | |
| International Standard Book Number | 9788198505521 |
| 040 ## - CATALOGING SOURCE | |
| Transcribing agency | SGVU |
| Modifying agency | SGVU |
| 082 ## - DEWEY DECIMAL CLASSIFICATION NUMBER | |
| Edition number | 22 |
| Classification number | 632.95 |
| Item number | KUS A |
| 100 ## - MAIN ENTRY--PERSONAL NAME | |
| Personal name | Kuriyal Suniti Kumar And Bharti Chauhan |
| 9 (RLIN) | 40016 |
| 245 ## - TITLE STATEMENT | |
| Title | Analytical Techniques in Plant Science |
| Medium | English |
| 250 ## - EDITION STATEMENT | |
| Edition statement | 1 |
| 260 ## - PUBLICATION, DISTRIBUTION, ETC. | |
| Place of publication, distribution, etc. | Ambala Haryana |
| Name of publisher, distributor, etc. | A K International Publication |
| Date of publication, distribution, etc. | 2025 |
| 300 ## - PHYSICAL DESCRIPTION | |
| Extent | 160p |
| Other physical details | Paperback |
| 650 ## - SUBJECT ADDED ENTRY--TOPICAL TERM | |
| Topical term or geographic name entry element | Analytical Techniques in Plant Science |
| Geographic subdivision | India |
| 9 (RLIN) | 40017 |
| 700 ## - ADDED ENTRY--PERSONAL NAME | |
| Personal name | Shukla Deepti and Keshav Shukla |
| 9 (RLIN) | 40018 |
| 710 ## - ADDED ENTRY--CORPORATE NAME | |
| Corporate name or jurisdiction name as entry element | Pandey Adarsh |
| 9 (RLIN) | 40019 |
| 942 ## - ADDED ENTRY ELEMENTS (KOHA) | |
| Source of classification or shelving scheme | Dewey Decimal Classification |
| Koha item type | Books |
| Edition | 1 |
| Classification part | 2 |
| Call number prefix | 632.95 KUS A |
| Withdrawn status | Lost status | Source of classification or shelving scheme | Damaged status | Not for loan | Home library | Current library | Date acquired | Source of acquisition | Cost, normal purchase price | Total Checkouts | Full call number | Barcode | Date last seen | Cost, replacement price | Price effective from | Koha item type |
|---|---|---|---|---|---|---|---|---|---|---|---|---|---|---|---|---|
| Dewey Decimal Classification | Suresh Gyan Vihar University Library | Suresh Gyan Vihar University Library | 06/04/2026 | CBS Publisher & Distributors | 995.00 | 632.95 KUS A | G4724 | 06/04/2026 | 995.00 | 06/04/2026 | Books |




